<?xml version="1.0" encoding="UTF-8"?>
<record
    xmlns:xsi="http://www.w3.org/2001/XMLSchema-instance"
    xsi:schemaLocation="http://www.loc.gov/MARC21/slim http://www.loc.gov/standards/marcxml/schema/MARC21slim.xsd"
    xmlns="http://www.loc.gov/MARC21/slim">

  <leader>02896nam a22003617a 4500</leader>
  <datafield tag="999" ind1=" " ind2=" ">
    <subfield code="c">22051</subfield>
    <subfield code="d">22051</subfield>
  </datafield>
  <controlfield tag="003">AR-CdUCM</controlfield>
  <controlfield tag="008">190515b           ||||| |||| 00| 0 spa d</controlfield>
  <datafield tag="040" ind1=" " ind2=" ">
    <subfield code="a">MUNICIPALIDAD PROVINCIAL DEL CUSCO</subfield>
    <subfield code="c">BIBLIOTECA MUNICIPAL DEL CUSCO</subfield>
  </datafield>
  <datafield tag="082" ind1=" " ind2=" ">
    <subfield code="a">MVirreynal/N&#xB0;2/1966</subfield>
  </datafield>
  <datafield tag="110" ind1=" " ind2=" ">
    <subfield code="a">Casa de la Cultura departamental del Cuzco</subfield>
    <subfield code="9">47291</subfield>
  </datafield>
  <datafield tag="245" ind1=" " ind2=" ">
    <subfield code="a">Revista del Museo Virreynal /</subfield>
    <subfield code="c">Casa de la Cultura del Per&#xFA;, Casa de la Cultura departamental del Cuzco, Museo Virreynal Cuzco</subfield>
  </datafield>
  <datafield tag="260" ind1=" " ind2=" ">
    <subfield code="a">Cusco :</subfield>
    <subfield code="b">H.G.Rozas,</subfield>
    <subfield code="b">Museo Virreynal Cuzco,</subfield>
    <subfield code="c">1966.</subfield>
  </datafield>
  <datafield tag="300" ind1=" " ind2=" ">
    <subfield code="a">78 [38] p&#xE1;ginas. :</subfield>
    <subfield code="b">ilustraciones ;</subfield>
    <subfield code="c">28 cm.</subfield>
  </datafield>
  <datafield tag="440" ind1=" " ind2=" ">
    <subfield code="a">Revista del Museo Virreynal.</subfield>
    <subfield code="n">A&#xF1;o II, N&#xB0;2, noviembre 1966.</subfield>
    <subfield code="9">47294</subfield>
  </datafield>
  <datafield tag="505" ind1=" " ind2=" ">
    <subfield code="a">Contenido: Historia de la fundaci&#xF3;n del Museo Virreynal del Cuzco. Luis A. Pardo -- Un Museo Hist&#xF3;rico Regional para el Cuzco. Toribio Guerra Vereau -- Rumbo del arte peruano. Alfredo Y&#xE9;pez Miranda -- Con ocasi&#xF3;n de. recordar a Tupac Amaru. Luis Felipe Paredes -- Zelenque. Do&#xF1;a Clorinda Matto de Turner -- &#xA1;Salve Cuzco Magn&#xED;fico! Hernando Vega Centeno Farf&#xE1;n -- Construcci&#xF3;n en adobe. Oscar Ladr&#xF3;n de Guevara Avil&#xE9;s -- El Contador General del Incanato seg&#xFA;n Huam&#xE1;n Poma de Ayala. Carmela P&#xE9;rez de Alarc&#xF3;n -- Apuntes para la Historia del Blas&#xF3;n Her&#xE1;ldico del Cuzco. Te&#xF3;filo Benavente -- Tambo de Montero. Jos&#xE9; Mar&#xED;a Blanco -- Don Mateo Garc&#xED;a Pumacahua. Alcides Estrada -- El Ilmo. Obispo Don Manuel de Moll&#xED;nedo y Angulo. Horacio Villanueva Urteaga -- Espergesia. Cesar Vallejo -- Espergesia, traducci&#xF3;n libre al quechua. Efra&#xED;n Chevarria -- Don Bartolom&#xE9; Huam&#xE1;n Quispe. Teofilo Benavente -- San Pedro de Canchis tiene una Campana fechada en 1560. Te&#xF3;filo Benavente -- La cena miserable. Cesar Vallejo -- Yarqay Mikhuy traducci&#xF3;n libre al quechua. Efra&#xED;n Chavarr&#xED;a -- La casa de Juan de Salas y Vald&#xE9;z -- Cuzco una de las siete maravillas del Mundo. Alfredo Y&#xE9;pez Miranda -- Informe presentado por la CRIF. templo y ciudadela de Wiracocha -- Informe de la Casa de la Cultura del Cuzco. -- Cr&#xF3;nica del Museo -- Joyas del Museo -- Los santos y las artesan&#xED;as cusque&#xF1;as -- Ambientes del museo.</subfield>
  </datafield>
  <datafield tag="650" ind1=" " ind2=" ">
    <subfield code="a">Arquitectura religiosa</subfield>
    <subfield code="9">5651</subfield>
  </datafield>
  <datafield tag="650" ind1=" " ind2=" ">
    <subfield code="a">Pintura cusque&#xF1;a</subfield>
    <subfield code="9">7254</subfield>
  </datafield>
  <datafield tag="650" ind1=" " ind2=" ">
    <subfield code="a">Arte cusque&#xF1;o</subfield>
    <subfield code="9">13165</subfield>
  </datafield>
  <datafield tag="650" ind1=" " ind2=" ">
    <subfield code="a">Obras de arte</subfield>
    <subfield code="9">13563</subfield>
  </datafield>
  <datafield tag="650" ind1=" " ind2=" ">
    <subfield code="a">Clorinda Matto De Turner</subfield>
    <subfield code="9">29945</subfield>
  </datafield>
  <datafield tag="700" ind1=" " ind2=" ">
    <subfield code="a">Y&#xE9;pez Miranda, Alfredo</subfield>
    <subfield code="9">4230</subfield>
  </datafield>
  <datafield tag="700" ind1=" " ind2=" ">
    <subfield code="a">Estrada, Alcides</subfield>
    <subfield code="9">47179</subfield>
  </datafield>
  <datafield tag="700" ind1=" " ind2=" ">
    <subfield code="a">Pardo, Luis A</subfield>
    <subfield code="9">25736</subfield>
  </datafield>
  <datafield tag="700" ind1=" " ind2=" ">
    <subfield code="a">Ladr&#xF3;n de Guevara Avil&#xE9;s, Oscar</subfield>
    <subfield code="9">46572</subfield>
  </datafield>
  <datafield tag="700" ind1=" " ind2=" ">
    <subfield code="a">Benavente Velarde, Te&#xF3;filo</subfield>
    <subfield code="9">3145</subfield>
  </datafield>
  <datafield tag="700" ind1=" " ind2=" ">
    <subfield code="a">Villanueva Urteaga, Horacio</subfield>
    <subfield code="9">5790</subfield>
  </datafield>
  <datafield tag="710" ind1=" " ind2=" ">
    <subfield code="a">Casa de la Cultura del Per&#xFA;</subfield>
    <subfield code="9">6211</subfield>
  </datafield>
  <datafield tag="710" ind1=" " ind2=" ">
    <subfield code="a">Museo Virreynal Cuzco</subfield>
    <subfield code="9">47293</subfield>
  </datafield>
  <datafield tag="856" ind1=" " ind2=" ">
    <subfield code="u">http://bvirtual.culturacusco.gob.pe/items/show/24</subfield>
    <subfield code="z">Leer digital</subfield>
  </datafield>
  <datafield tag="942" ind1=" " ind2=" ">
    <subfield code="2">ddc</subfield>
    <subfield code="c">PP</subfield>
  </datafield>
  <datafield tag="945" ind1=" " ind2=" ">
    <subfield code="a">rac</subfield>
  </datafield>
  <datafield tag="952" ind1=" " ind2=" ">
    <subfield code="0">0</subfield>
    <subfield code="2">ddc</subfield>
    <subfield code="4">0</subfield>
    <subfield code="7">0</subfield>
    <subfield code="a">HEM</subfield>
    <subfield code="b">HEM</subfield>
    <subfield code="c">CART</subfield>
    <subfield code="d">2022-02-23</subfield>
    <subfield code="g">10.00</subfield>
    <subfield code="o">MVirreynal/N&#xB0;2/1966</subfield>
    <subfield code="p">REVC000860</subfield>
    <subfield code="r">2022-02-23</subfield>
    <subfield code="y">PP</subfield>
  </datafield>
</record>
